Statystyki dla Gdzie znajduje sie to miasto

Kliknij tutaj aby rozwiązać quiz!

Ogólne statystyki

  • Ten quiz został rozwiązany 106 razy
  • Średni wynik to 9 z 15

Statystyki odpowiedzi

MiastoOdpowiedz% Poprawnych
OksfordWielka brytania
93%
EssenNiemcy
91%
OddesaUkraina
90%
OmskRosja
85%
LarvikNorwegia
77%
FatimaPortugalia
62%
ThunSzwajcaria
55%
TimisoaraRumunia
54%
MarstrandSzwecja
54%
KieżmarkSłowacja
52%
AdanaTurcja
52%
LeskovacSerbia
51%
PiranSłowenia
49%
SopronWęgry
37%
DouglasWyspa man
10%

Rozkład punktacji

Percentyl według liczby udzielonych odpowiedzi

Procent ludzi z każdym wynikiem

Twoja historia wyników

Nie rozwiązałeś tego quizu